Let us C (Record no. 171850)

MARC details
000 -LEADER
fixed length control field 00381nam a2200157Ia 4500
008 - FIXED-LENGTH DATA ELEMENTS--GENERAL INFORMATION
fixed length control field 230917s9999||||xx |||||||||||||| ||und||
040 ## - CATALOGING SOURCE
-- 204461
Original cataloging agency VIVEKANANDA LIBRARY
041 ## - Language
-- English
082 ## - DDC NUMBER
Classification number 005.133 K13L(12)
100 ## - MAIN ENTRY--PERSONAL NAME
Personal name Kanetkar, Yashavant P
245 #0 - TITLE STATEMENT
Title Let us C
250 ## - EDITION STATEMENT
Edition statement 16th ed.
260 ## - PUBLICATION, DISTRIBUTION, ETC. (IMPRINT)
Place of publication, distribution, etc New Delhi
Name of publisher, distributor, etc BPB Publications
Date of publication, distribution, etc 2019
300 ## - PHYSICAL DESCRIPTION
Pages xiv, 464 p.
942 ## - ADDED ENTRY ELEMENTS (KOHA)
Koha item type Books
Holdings
Withdrawn status Lost status Damaged status Not for loan Location (home branch) Sublocation or collection (holding branch) Date acquired Koha issues (times borrowed) Koha full call number Accession No. Koha date last seen Koha item type Shelving location
        VIVEKANANDA LIBRARY VIVEKANANDA LIBRARY 14/02/2013   005.133 K13L(12) 321731 17/09/2023 Books  
        VIVEKANANDA LIBRARY VIVEKANANDA LIBRARY 14/02/2013   005.133 K13L(12) 321732 17/09/2023 Books  
        VIVEKANANDA LIBRARY VIVEKANANDA LIBRARY 14/02/2013   005.133 K13L(12) 321733 17/09/2023 Books  
        VIVEKANANDA LIBRARY VIVEKANANDA LIBRARY 14/02/2013   005.133 K13L(12) 321734 17/09/2023 Books  
        VIVEKANANDA LIBRARY VIVEKANANDA LIBRARY 14/02/2013   005.133 K13L(12) 323502 17/09/2023 Books UIET Library
        VIVEKANANDA LIBRARY VIVEKANANDA LIBRARY 14/02/2013   005.133 K13L(12) 323503 17/09/2023 Books UIET Library
        VIVEKANANDA LIBRARY VIVEKANANDA LIBRARY 14/02/2013 10 005.133 K13L(12) 323504 15/12/2025 Books UIET Library
        VIVEKANANDA LIBRARY VIVEKANANDA LIBRARY 14/02/2013   005.133 K13L(12) 323505 17/09/2023 Books UIET Library
        VIVEKANANDA LIBRARY VIVEKANANDA LIBRARY 14/02/2013   005.133 K13L(12) 323506 17/09/2023 Books UIET Library
        VIVEKANANDA LIBRARY VIVEKANANDA LIBRARY 14/02/2013 1 005.133 K13L(12) 328364 20/12/2023 Books  
        VIVEKANANDA LIBRARY VIVEKANANDA LIBRARY 14/02/2013 1 005.133 K13L(12) 328365 14/10/2023 Books  
        VIVEKANANDA LIBRARY VIVEKANANDA LIBRARY 14/02/2013   005.133 K13L(12) 328366 17/09/2023 Books  
        VIVEKANANDA LIBRARY VIVEKANANDA LIBRARY 14/02/2013 2 005.133 K13L(12) 328367 25/09/2024 Books  
        VIVEKANANDA LIBRARY VIVEKANANDA LIBRARY 14/02/2013 2 005.133 K13L(12) 328368 18/09/2025 Books  
        VIVEKANANDA LIBRARY VIVEKANANDA LIBRARY 14/02/2013 1 005.133 K13L(12) 328369 20/12/2023 Books  
        VIVEKANANDA LIBRARY VIVEKANANDA LIBRARY 14/02/2013   005.133 K13L(12) 328370 17/09/2023 Books  
        VIVEKANANDA LIBRARY VIVEKANANDA LIBRARY 14/02/2013 1 005.133 K13L(12) 328371 11/04/2025 Books  
        VIVEKANANDA LIBRARY VIVEKANANDA LIBRARY 14/02/2013   005.133 K13L(12) 328372 17/09/2023 Books  
        VIVEKANANDA LIBRARY VIVEKANANDA LIBRARY 14/02/2013   005.133 K13L(12) 328373 17/09/2023 Books  
© Designed and Maintained by Vivekananda Library, MDU Rohtak